000 00763nam a2200217Ia 4500
003 GCL
005 20240530103904.0
008 140319s9999 xx 000 0 ara d
040 _aGCL /
_cGCL
082 0 4 _a416
_bد ع
100 1 _aالحسانى حسن عبدالله
245 1 0 _aالعيون الغامزة على خبايا الرامزه للدمامينى /
_cالحسانى حسن عبدالله
260 _aالقاهرة :
_bمكتبة الخانجى ؛
_c1994
300 _a306 ص
490 _aمن ذخائر العروض
650 0 4 _aالشعر العربى
650 0 4 _aاللغة العربية
650 0 4 _aالعروض والقوافى
700 1 _aالدمامينى, بدرالدين ابوعبدالله
942 _2ddc
_cBK
999 _c43241
_d43241